| 000 | 00440nam a2200169Ia 4500 | ||
|---|---|---|---|
| 008 | 210707s1979 xx 000 0 und d | ||
| 041 | _aeng | ||
| 082 | _a510 SHKS | ||
| 100 | _aSHKLYARSKY (D O) & others | ||
| 245 | _aSelected problems & theorems in elementary mathematics. | ||
| 260 |
_aMoscow _bMir Publishers _c1979 |
||
| 300 | _a427 p | ||
| 365 |
_b15 _cINR |
||
| 563 | _aPB | ||
| 650 | _aMathematics | ||
| 906 | _aElementary maths | ||
| 999 |
_c180071 _d180071 |
||